| 000 | 01013nam a22003377a 4500 | ||
|---|---|---|---|
| 003 | CHAP | ||
| 005 | 20220817041031.0 | ||
| 008 | 971013s1985 r 00010 d | ||
| 010 | _a5028 | ||
| 011 | _a6000 | ||
| 035 | _a5217 | ||
| 040 | _cCHAP | ||
| 082 |
_a338.19 _bT5Y |
||
| 100 | 0 | 0 |
_aTimmer, C. Peter. _9113329 |
| 245 | _aAnálisis de políticas alimentarias | ||
| 260 |
_aMadrid : _bTecnos, _c1985 |
||
| 300 | _a319 p. | ||
| 490 | _aSerie Banco Mundial | ||
| 500 | _a55-162 | ||
| 590 |
_aBATCH-UPD _b10 _c20130110 _lUCH01 _h0138 |
||
| 590 |
_aBATCH-UPD _b10 _c20130110 _lUCH01 _h1634 |
||
| 590 |
_aBATCH-UPD _b10 _c20130410 _lUCH01 _h1026 |
||
| 590 |
_aBATCH-UPD _b10 _c20130914 _lUCH01 _h0118 |
||
| 590 |
_aCONVERSION _b10 _c20130109 _lUCH01 _h1304 |
||
| 650 | 1 | 4 |
_aAlimentos _xAbastecimiento. |
| 650 | 1 | 4 |
_aPolítica alimentaria. _990389 |
| 830 | 0 |
_aSerie Banco Mundial _9104617 |
|
| 901 | _aBK | ||
| 942 | _cLIBRO | ||
| 949 |
_a338.19 T5Y _bBC _cLIBRO _d33724000415725 _eLIBRO _gI. c/e _h81762 _i5217 _si _t83.00 |
||
| 999 |
_c5028 _d5028 |
||